000 00838nam a2200253Ia 4500
003 OSt
005 20220916110922.0
006 a|||||r|||| 00| 0
007 ta
008 220915b |||||||| |||| 00| 0 hin d
024 _a42484
037 _cTextbook
040 _bhin
_aARTS
_cARTS
041 _ahin
082 _aO15:gx, 152L0 (EPS)
100 _aशास्त्री, हरिदत्त
245 0 _aसंस्कृत-काव्यकार
246 _aSanskṛuta-kāvyakāra
260 _aमेरठ
_bसाहित्य भण्डार भारत
_c1970
300 _a548पण्
_ccm.
650 _aहिन्दी साहित्य
942 _hO15:gx, 152L0 (EPS)
_cTB
_2CC
999 _c101360
_d101360